000 00615nam a2200217 a 4500
001 BRCA_5705
005 20190320205203.0
008 030311s1946----mx-#######---#000-0#spa-#
041 _aspa
044 _amx
050 4 _aHG665
_b.S83 1946
100 1 _aSuárez, Eduardo
_914485
245 1 0 _aPolítica monetaria
_cEduardo Suárez.
260 _aMéxico
_bRevista de Economía
_c1946
300 _a75 p.
_c20 cm.
500 _aRevista inventariada por Banco de México como libro
500 _aH26
650 1 4 _aPolítica Monetaria.
_vPublicación periódica
_zMéxico
_914486
902 _aGFM
942 _2lcc
_cB
999 _c5396
_d5396